[Event "Titled Tuesday intern op 04th Jun Late"]
[Site "Chess.com INT"]
[Date "2024.06.04"]
[Round "5"]
[White "Carlstedt, Jonathan"]
[Black "Munoz Pantoja, Miguel Angel"]
[Result "0-1"]
[WhiteElo "2429"]
[BlackElo "2364"]
[PlyCount "100"]
[EventDate "2024.06.04"]
[EventType "swiss (blitz)"]
[EventRounds "11"]
[EventCountry "USA"]
[SourceTitle "EXT 2025"]
[Source "ChessBase"]
[SourceDate "2024.10.14"]
[SourceVersion "1"]
[SourceVersionDate "2024.10.14"]
[SourceQuality "1"]

1. c4 c5 2. g3 g6 3. Bg2 Bg7 4. Nc3 Nc6 5. a3 e6 6. Rb1 Nge7 7. b4 d6 8. Nf3 0-0 9. 0-0 b6 10. bxc5 dxc5 11. Bb2 e5 12. d3 h6 13. e4 Bg4 14. Nd5 Qd7 15. Qa4 Nxd5 16. cxd5 Nd4 17. Qxd7 Nxf3+ 18. Bxf3 Bxd7 19. Bd1 Rfc8 20. f4 exf4 21. Bxg7 Kxg7 22. gxf4 c4 23. dxc4 Rxc4 24. Bf3 Rac8 25. Rfe1 Rc3 26. Kf2 Rxa3 27. Ra1 Rc2+ 28. Kg3 Rxa1 29. Rxa1 a5 30. e5 a4 31. d6 h5 32. Be4 Rc3+ 33. Kf2 b5 34. Ke2 b4 35. Kd2 a3 36. Bd5 Kf8 37. Rb1 Bf5 38. Rxb4 Rd3+ 39. Ke2 Rxd5 40. Rb8+ Kg7 41. Ra8 Rd4 42. Rxa3 Rxf4 43. Ra5 Rh4 44. Ke3 Rxh2 45. Kd4 Rd2+ 46. Kc5 h4 47. Ra4 h3 48. Rh4 g5 49. Rh5 h2 50. Rxg5+ Bg6 0-1

[Event "Titled Tuesday intern op 04th Jun Late"]
[Site "Chess.com INT"]
[Date "2024.06.04"]
[Round "6"]
[White "Martinez Ramirez, Lennis"]
[Black "Carlstedt, Jonathan"]
[Result "1-0"]
[WhiteElo "2449"]
[BlackElo "2429"]
[PlyCount "57"]
[EventDate "2024.06.04"]
[EventType "swiss (blitz)"]
[EventRounds "11"]
[EventCountry "USA"]
[SourceTitle "EXT 2025"]
[Source "ChessBase"]
[SourceDate "2024.10.14"]
[SourceVersion "1"]
[SourceVersionDate "2024.10.14"]
[SourceQuality "1"]

1. d4 g6 2. e4 Bg7 3. Nc3 d6 4. f4 a6 5. Nf3 b5 6. h3 Bb7 7. Bd3 Nd7 8. e5 c5 9. Be4 Bxe4 10. Nxe4 cxd4 11. exd6 Qb6 12. a4 Ngf6 13. Qe2 0-0 14. dxe7 Rfe8 15. Nxf6+ Bxf6 16. 0-0 Rxe7 17. Qf2 Rae8 18. Re1 Rxe1+ 19. Nxe1 d3 20. Nf3 dxc2 21. axb5 axb5 22. Qxb6 Nxb6 23. Ra6 Be7 24. Kf1 Bc5 25. b4 Rd8 26. bxc5 Rd1+ 27. Ke2 Nd5 28. Bd2 Nc3+ 29. Bxc3 1-0

[Event "Itzehoe op 3rd"]
[Site "Itzehoe"]
[Date "2024.05.11"]
[Round "5"]
[White "Schoen, Florian"]
[Black "Carlstedt, Jonathan"]
[Result "0-1"]
[WhiteElo "1954"]
[BlackElo "2423"]
[PlyCount "52"]
[EventDate "2024.05.09"]
[EventType "swiss"]
[EventRounds "7"]
[EventCountry "GER"]
[SourceTitle "CBM 220 Extra"]
[Source "ChessBase"]
[SourceDate "2024.07.31"]
[SourceVersion "1"]
[SourceVersionDate "2024.07.31"]
[SourceQuality "1"]

1. e4 g6 2. Nc3 Bg7 3. f4 d6 4. Nf3 a6 5. Bc4 Nc6 6. a4 Nf6 7. d3 0-0 8. 0-0 e6 9. Qe1 d5 10. Bb3 b6 11. Qh4 dxe4 12. dxe4 Nd7 13. Qh3 Nc5 14. Bc4 e5 15. f5 Nd4 16. Bh6 gxf5 17. Bxg7 fxe4 18. Qg3 Nf5 19. Qxe5 Nxg7 20. Ng5 Be6 21. Nxe6 Ncxe6 22. Bd5 c6 23. Bxc6 Rc8 24. Rad1 Qg5 25. Qxe4 Qc5+ 26. Kh1 f5 0-1